|
|
|
|
| LEADER |
01788nam a2200481 a 4500 |
| 001 |
EBC3412355 |
| 003 |
MiAaPQ |
| 005 |
20200520144314.0 |
| 006 |
m o d | |
| 007 |
cr cn||||||||| |
| 008 |
070925s2007 bcc sb 001 0 eng |
| 010 |
|
|
|z 2007280173
|
| 016 |
|
|
|z 20079016642
|
| 020 |
|
|
|z 9780774812870 (bound)
|
| 020 |
|
|
|z 0774812877 (bound)
|
| 035 |
|
|
|a (MiAaPQ)EBC3412355
|
| 035 |
|
|
|a (Au-PeEL)EBL3412355
|
| 035 |
|
|
|a (CaPaEBR)ebr10214430
|
| 035 |
|
|
|a (CaONFJC)MIL259372
|
| 035 |
|
|
|a (OCoLC)923444264
|
| 040 |
|
|
|a MiAaPQ
|c MiAaPQ
|d MiAaPQ
|
| 043 |
|
|
|a n-cn---
|
| 050 |
|
4 |
|a KE3500.Z85
|b P68 2007
|
| 082 |
0 |
4 |
|a 344.7103/25
|2 22
|
| 245 |
0 |
0 |
|a Poverty
|h [electronic resource] :
|b rights, social citizenship, and legal activism /
|c edited by Margot Young ... [et al.].
|
| 260 |
|
|
|a Vancouver :
|b UBC Press,
|c c2007.
|
| 300 |
|
|
|a x, 389 p.
|
| 490 |
1 |
|
|a Law and society series
|
| 504 |
|
|
|a Includes bibliographical references and index.
|
| 533 |
|
|
|a Electronic reproduction. Ann Arbor, MI : ProQuest, 2015. Available via World Wide Web. Access may be limited to ProQuest affiliated libraries.
|
| 610 |
1 |
0 |
|a Canada.
|t Canadian Charter of Rights and Freedoms.
|
| 650 |
|
0 |
|a Public welfare
|x Law and legislation
|z Canada.
|
| 650 |
|
0 |
|a Welfare recipients
|x Legal status, laws, etc.
|z Canada.
|
| 650 |
|
0 |
|a Basic needs
|x Law and legislation
|z Canada.
|
| 650 |
|
0 |
|a Social rights
|z Canada.
|
| 650 |
|
0 |
|a Human rights
|z Canada.
|
| 650 |
|
0 |
|a Citizenship
|z Canada.
|
| 650 |
|
0 |
|a Public welfare
|z Canada.
|
| 655 |
|
4 |
|a Electronic books.
|
| 700 |
1 |
|
|a Young, Margot.
|
| 710 |
2 |
|
|a ProQuest (Firm)
|
| 830 |
|
0 |
|a Law and society series (Vancouver, B.C.)
|
| 856 |
4 |
0 |
|u https://ebookcentral.proquest.com/lib/matrademy/detail.action?docID=3412355
|z Click to View
|